000 00833nam a22002657a 4500
001 8388
003 FISKH
005 20250911091002.0
008 250910b cb ||||| |||| 00| 0 eng d
020 _a9781842392348
040 _aFISKH
_beng
_cFISKH
_dFISKH
050 _a PR4611.A72 A44
082 _a398.2
100 _aAndersen, Hans Christian
245 _aThe princess and the pea /
260 _aLondon :
_bAlligator Books,
_c2006.
300 _a20 pages :
_bcolor illustrations ;
_c24 cm
505 _aN
520 _aPrince seeks a true princess. A young woman proves her royalty by feeling a pea under many mattresses, showing sensitivity and refinement.
521 8 _a560
_bLexile estimate
521 8 _aN
_bRaz-Plus
650 _aFairy tale
_vRoyalty
_xPrincess
942 _2ddc
_cBK
_n0
999 _c8388
_d8388